Linear algebra for calculus

Saved in:
Bibliographic Details
Other Authors: Heuvers, Konrad J.
Format: Book
Language:English
Published: Pacific Grove, Calif. : Brooks/Cole Pub. Co., c1995
Subjects:
Tags: Add Tag
No Tags, Be the first to tag this record!

MARC

LEADER 00000nam a2200000 i 4500
001 1/82535
008 990527s1995 eng d
020 |a 0-534-25248-6 
035 |l 10051109 
040 |a GR-MY-UA  |b gre  |e aacr 
041 0 |a eng 
082 0 |a 512.5 
245 1 0 |a Linear algebra for calculus /  |c Konrad J. Heuvers...[et al.]. 
260 |a Pacific Grove, Calif. :   |b Brooks/Cole Pub. Co.,   |c c1995 
300 |a viii, 239 p.;  |c 24 cm. 
500 |a Includes index 
650 0 0 |a Algebras, Linear. 
700 1 |a Heuvers, Konrad J. 
852 |a INST  |b SAMOS  |e 19990527  |h 512.5 LIN  |p 005300014967  |q 005300014967  |t BK  |y 0 
901 |a BIBL3-1999-2 
909 |a Σ  |b 063211 
922 |a 3ΕΛΗ  |b 199904  |c ΚΠΣ  |d GLORY 
950 |a 116-1998-08-10